5HLuxD.jpg

KING HENRY VIII SENIOR AND PRIMARY SCHOOL LIBRARY OPAC

Almost American girl : (Record no. 1813)

000 -LEADER
fixed length control field 02568nam a22004095i 4500
001 - CONTROL NUMBER
control field pr05032650
003 - CONTROL NUMBER IDENTIFIER
control field CaOWLBI
005 - DATE AND TIME OF LATEST TRANSACTION
control field 20230201110625.0
008 - FIXED-LENGTH DATA ELEMENTS--GENERAL INFORMATION
fixed length control field 200305s2020 nyua d 6 000 0aeng d
020 ## - INTERNATIONAL STANDARD BOOK NUMBER
International Standard Book Number 9780062685094
040 ## - CATALOGING SOURCE
Original cataloging agency CaOWLBI
Language of cataloging eng
Transcribing agency CaOWLBI
Description conventions rda
Modifying agency CaOL
-- KH8
082 ## - DEWEY DECIMAL CLASSIFICATION NUMBER
Classification number 921 HA
100 1# - MAIN ENTRY--PERSONAL NAME
Personal name Ha, Robin,
Relator term author,
-- illustrator.
245 10 - TITLE STATEMENT
Title Almost American girl :
Remainder of title an illustrated memoir /
Statement of responsibility, etc. Robin Ha.
264 #1 - PRODUCTION, PUBLICATION, DISTRIBUTION, MANUFACTURE, AND COPYRIGHT NOTICE
Place of production, publication, distribution, manufacture New York :
Name of producer, publisher, distributor, manufacturer HarperCollins,
Date of production, publication, distribution, manufacture, or copyright notice 2020.
264 #4 - PRODUCTION, PUBLICATION, DISTRIBUTION, MANUFACTURE, AND COPYRIGHT NOTICE
Date of production, publication, distribution, manufacture, or copyright notice ©2020.
300 ## - PHYSICAL DESCRIPTION
Extent 227 pages :
Other physical details colour illustrations ;
Dimensions 24 cm.
336 ## - CONTENT TYPE
Content type term text
Content type code txt
Source rdacontent.
336 ## - CONTENT TYPE
Content type term still image
Content type code sti
Source rdacontent.
337 ## - MEDIA TYPE
Media type term unmediated
Media type code n
Source rdamedia.
338 ## - CARRIER TYPE
Carrier type term volume
Carrier type code nc
Source rdacarrier.
520 ## - SUMMARY, ETC.
Summary, etc. "A powerful and moving teen graphic novel memoir about immigration, belonging, and how arts can save a life--perfect for fans of American Born Chinese and Hey, Kiddo. For as long as she can remember, it's been Robin and her mom against the world. Growing up as the only child of a single mother in Seoul, Korea, wasn't always easy, but it has bonded them fiercely together. So when a vacation to visit friends in Huntsville, Alabama, unexpectedly becomes a permanent relocation--following her mother's announcement that she's getting married--Robin is devastated. Overnight, her life changes. She is dropped into a new school where she doesn't understand the language and struggles to keep up. She is completely cut off from her friends in Seoul and has no access to her beloved comics. At home, she doesn't fit in with her new stepfamily, and worst of all, she is furious with the one person she is closest to--her mother. Then one day Robin's mother enrolls her in a local comic drawing class, which opens the window to a future Robin could never have imagined"--Amazon.com.
600 10 - SUBJECT ADDED ENTRY--PERSONAL NAME
Personal name Ha, Robin
Form subdivision Comic books, strips, etc.
650 #0 - SUBJECT ADDED ENTRY--TOPICAL TERM
Topical term or geographic name entry element Emigration and immigration
Form subdivision Comic books, strips, etc.
650 #0 - SUBJECT ADDED ENTRY--TOPICAL TERM
Topical term or geographic name entry element Immigrants
Form subdivision Comic books, strips, etc.
650 #0 - SUBJECT ADDED ENTRY--TOPICAL TERM
Topical term or geographic name entry element Mothers and daughters
Form subdivision Comic books, strips, etc.
650 #0 - SUBJECT ADDED ENTRY--TOPICAL TERM
Topical term or geographic name entry element Single mothers.
Form subdivision Comic books, strips, etc.
650 #0 - SUBJECT ADDED ENTRY--TOPICAL TERM
Topical term or geographic name entry element Teenage girls
Form subdivision Comic books, strips, etc.
650 #0 - SUBJECT ADDED ENTRY--TOPICAL TERM
Topical term or geographic name entry element Korean Americans
Geographic subdivision United States
Form subdivision Comic books, strips, etc.
650 #0 - SUBJECT ADDED ENTRY--TOPICAL TERM
Topical term or geographic name entry element Stepfamilies
Form subdivision Comic books, strips, etc.
650 #0 - SUBJECT ADDED ENTRY--TOPICAL TERM
Topical term or geographic name entry element English language
General subdivision Study and teaching
Form subdivision Comic books, strips, etc.
650 #0 - SUBJECT ADDED ENTRY--TOPICAL TERM
Topical term or geographic name entry element Women illustrators
Form subdivision Biography
-- Comic books, strips, etc.
650 #0 - SUBJECT ADDED ENTRY--TOPICAL TERM
Topical term or geographic name entry element Graphic novels.
655 #0 - INDEX TERM--GENRE/FORM
Genre/form data or focus term Nonfiction comics.
690 ## - LOCAL SUBJECT ADDED ENTRY--TOPICAL TERM (OCLC, RLIN)
Topical term or geographic name as entry element New Mar 2020.
942 ## - ADDED ENTRY ELEMENTS (KOHA)
Source of classification or shelving scheme
Koha item type Books - Non Ficton
Holdings
Withdrawn status Lost status Source of classification or shelving scheme Damaged status Not for loan Collection code Permanent Location Current Location Shelving location Date acquired Total Checkouts Full call number Barcode Date last seen Date last checked out Price effective from Koha item type
          Non-Fiction KH8 Senior School Library KH8 Senior School Library Non Fiction 2023-02-01 1 921 HA 3KHSL000101954 2024-07-24 2024-06-07 2023-02-01 Books - Non Ficton

Powered By KH8 IT Dept